000 00658nam a22002057a 4500
999 _c14461
_d14461
003 AR-CdUCM
008 190423b ||||| |||| 00| 0 spa d
020 _a978-84-488-3587-3
040 _aMUNICIPALIDAD PROVINCIAL DEL CUSCO
_cBIBLIOTECA MUNICIPAL DEL CUSCO
082 _aPI / 864 /
_bOL45
100 _aOlmos, Roger
_933256
245 _aPequeño catalogo de :
_bInstantes de felicidad /
260 _aBarcelona :
_bLumen,
_c2013.
300 _c31 cm.
505 _aContenido :Pequeño catalogo de instantes de felicidad ...
650 _aCuentos infantiles
_93927
700 _aYork, Lewis
_933257
942 _2ddc
_cLIBROS
945 _arum
_d2019-04-23